UBT Library

The presidential veto : (Record no. 41985)

000 -LEADER
fixed length control field 00682pam a2200241 a 4500
001 - CONTROL NUMBER
control field 1963492
005 - DATE AND TIME OF LATEST TRANSACTION
control field 20180207042100.0
008 - FIXED-LENGTH DATA ELEMENTS--GENERAL INFORMATION
fixed length control field 880208s1988 nyu b s001 0 eng
010 ## - LIBRARY OF CONGRESS CONTROL NUMBER
LC control number 88002119
020 ## - INTERNATIONAL STANDARD BOOK NUMBER
International Standard Book Number 0887068022
020 ## - INTERNATIONAL STANDARD BOOK NUMBER
International Standard Book Number 0887068030 (pbk.)
040 ## - CATALOGING SOURCE
Original cataloging agency DLC
Transcribing agency DLC
Modifying agency DLC
041 ## - LANGUAGE CODE
Language code of text/sound track or separate title eng
043 ## - GEOGRAPHIC AREA CODE
Geographic area code n-us---
080 ## - UNIVERSAL DECIMAL CLASSIFICATION NUMBER
Universal Decimal Classification number 353.0372 ROB
082 00 - DEWEY DECIMAL CLASSIFICATION NUMBER
Classification number 353.0372 ROB
Edition number 19
100 1# - Rafti
Rafti 22
101 ## - Shkurtesa
Shkurtesa POL
245 14 - TITLE STATEMENT
Title The presidential veto :
Statement of responsibility, etc Robert J. Spitzer ; with a foreword by Louis Fisher.
504 ## - BIBLIOGRAPHY, ETC. NOTE
Bibliography, etc Bibliography: p. 159-171.
906 ## - LOCAL DATA ELEMENT F, LDF (RLIN)
a 7
b cbc
c orignew
d 1
e ocip
f 19
g y-gencatlg
942 ## - ADDED ENTRY ELEMENTS (KOHA)
Source of classification or shelving scheme
Item type Books
Holdings
Withdrawn status Lost status Source of classification or shelving scheme Damaged status Not for loan Collection code Permanent location Current location Shelving location Date acquired Total Checkouts Full call number Barcode Date last seen Price effective from Koha item type
          Koleksioni i përgjithshem UBT - Lipjan UBT - Lipjan Koleksioni i përgjithshem 02/07/2018   353.0372 ROB 002-2998980 02/07/2018 02/07/2018 Books
UBT Library © 2015-2024. All rights reserved University Education for Business and Technology